Historian henkilöt kuvavisa (MAHDOTON) - Statistics

Yleistilastot
  • Tätä visaa on pelattu 30 kertaa
  • Keskiarvotulos 2 / 16
Vastaustilastot
Kuvavisa Vastaus % Oikein
Helene Schjerfbeck
85%
Vilhelm Valloittaja
27%
Ned Kelly
12%
Giuseppe Verdi
8%
Albert Marquet
4%
Ernest Sweet-Escot
4%
Ernst Linder
4%
Ferdinand von Zeppelini
4%
George W. Tibbets
4%
Georg S. Ohm
4%
Jean Tabary
4%
Karl E. Berg
4%
Karl Harrer
4%
Peter Strasser
4%
Roque S. Pena
4%
William Holmes
4%
Ehtoja vastaavia visoja ei löytynyt
Tulosjakauma
Jokaisen tuloksen saaneiden osuus
Persentiili vastausten määrän mukaan
Tuloshistoriasi
Et ole pelannut tätä visaa